Movies Quiz

Random Movies Quiz
Score 0/20 Timer 06:00
0 Plays Today
Number % Correct
Juno
84.3%
Ferris Bueller's Day Off
83.8%
Mean Girls
81.5%
Wall Street
75.2%
The Matrix
75.1%
Rain Man
74.1%
Date Night
71.2%
The Silence of the Lambs
70.6%
Scream
66.7%
Phone Booth
59.9%
Number % Correct
Fight Club
51%
Jerry Maguire
47.6%
Rear Window
47.4%
Memento
43.6%
Almost Famous
37.8%
Rosemary's Baby
33.9%
The Untouchables
33.8%
Say Anything
30.5%
Ransom
30.1%
Dial M for Murder
21.8%
Remove Ads.
Support Sporcle.
Get the best of Sporcle when you Go Orange. This ad-free experience offers more features, more stats, and more fun while also helping to support Sporcle. Thank you for becoming a member.

You're not logged in!

Compare scores with friends on all Sporcle quizzes.
OR
Log In

Show Comments

Extras

Top Quizzes Today


Score Distribution

Your Account Isn't Verified!

In order to create a playlist on Sporcle, you need to verify the email address you used during registration. Go to your Sporcle Settings to finish the process.

Report this User

Report this user for behavior that violates our Community Guidelines.

Details: